书目信息 |
| 题名: |
智能传感器技术与应用
|
|
| 作者: | 王劲松 , 刘志远 编著 | |
| 分册: | ||
| 出版信息: | 北京 电子工业出版社 2022 |
|
| 页数: | 15,255页 | |
| 开本: | 24cm | |
| 丛书名: | ||
| 单 册: | ||
| 中图分类: | TP212.6 , TP212 | |
| 科图分类: | ||
| 主题词: | 智能传感器 | |
| 电子资源: | ||
| ISBN: | 978-7-121-42615-5 | |
| 000 | 01267nam0 2200289 450 | |
| 001 | 2236052953 | |
| 005 | 20221019100333.85 | |
| 010 | @a978-7-121-42615-5@dCNY98.00 | |
| 100 | @a20220214d2022 em y0chiy50 ea | |
| 101 | 0 | @achi |
| 102 | @aCN@b110000 | |
| 105 | @aa az 000yy | |
| 200 | 1 | @a智能传感器技术与应用@9zhi neng chuan gan qi ji shu yu ying yong@dTechniques of smart sensors and its applications@f王劲松,刘志远编著@zeng |
| 210 | @a北京@c电子工业出版社@d2022 | |
| 215 | @a15,255页@c图@d24cm | |
| 300 | @a国之重器出版工程 网络强国建设 工信学术出版基金 | |
| 300 | @a物联网在中国 | |
| 320 | @a有书目 (第252-255页) | |
| 330 | @a本书介绍了传感器的分类及智能传感器的特点和发展趋势,详细介绍了微电子机械系统的设计方法、电子材料与加工技术,以及主要的智能传感器算法、原理、公式,阐述了智能传感器所用的主流硬件及信号调理技术、通信技术、信号处理技术等,提供了智能传感器的民用、军用及延伸应用案例,可为设计人员和管理人员提供参考,对促进我国物联网健康有序发展具有重要意义。 | |
| 510 | 1 | @aTechniques of smart sensors and its applications@zeng |
| 606 | 0 | @a智能传感器 |
| 690 | @aTP212.6@v5 | |
| 690 | @aTP212@v4 | |
| 701 | 0 | @a王劲松@9wang jing song@4编著 |
| 701 | 0 | @a刘志远@9liu zhi yuan@4编著 |
| 801 | 0 | @aCN@b91MARC@c20220425 |
| 905 | @aZUCC@dTP212@e23 | |
| 智能传感器技术与应用=Techniques of smart sensors and its applications/王劲松,刘志远编著.-北京:电子工业出版社,2022 |
| 15,255页:图;24cm |
| 国之重器出版工程 网络强国建设 工信学术出版基金.-物联网在中国 |
| ISBN 978-7-121-42615-5:CNY98.00 |
| 本书介绍了传感器的分类及智能传感器的特点和发展趋势,详细介绍了微电子机械系统的设计方法、电子材料与加工技术,以及主要的智能传感器算法、原理、公式,阐述了智能传感器所用的主流硬件及信号调理技术、通信技术、信号处理技术等,提供了智能传感器的民用、军用及延伸应用案例,可为设计人员和管理人员提供参考,对促进我国物联网健康有序发展具有重要意义。 |
| ● |
| 相关链接 |
|
|
|
正题名:智能传感器技术与应用
索取号:TP212/23
 
预约/预借
| 序号 | 登录号 | 条形码 | 馆藏地/架位号 | 状态 | 备注 |
| 1 | 2000914576 | 2000914576 | 第三书库/ [索取号:TP212/23] | 在馆 | |
| 2 | 2000914577 | 2000914577 | 第三书库/ [索取号:TP212/23] | 在馆 | |
| 3 | 2000914578 | 2000914578 | 第三书库/ [索取号:TP212/23] | 在馆 |